[Event "HUN-chT2 Asztalos 1819"]
[Site "Hungary"]
[Date "2019.02.24"]
[Round "6.6"]
[White "Juhasz, Zoltan"]
[Black "Balazs, Imre"]
[Result "1-0"]
[WhiteElo "1928"]
[BlackElo "2060"]
[PlyCount "45"]
[EventDate "2018.10.28"]
[EventType "team-tourn"]
[EventRounds "9"]
[EventCountry "HUN"]
[SourceTitle "CBM 189 Extra"]
[Source "ChessBase"]
[SourceDate "2019.06.03"]
[SourceVersion "1"]
[SourceVersionDate "2019.06.03"]
[SourceQuality "1"]
[WhiteTeam "Karmin"]
[BlackTeam "Decs 1990"]
[WhiteTeamCountry "HUN"]
[BlackTeamCountry "HUN"]

1. e4 e5 2. Nf3 Nc6 3. Bc4 Nf6 4. Ng5 d5 5. exd5 Nd4 6. c3 b5 7. Bf1 Nxd5 8. cxd4 Qxg5 9. Bxb5+ Kd8 10. Qf3 Bb7 11. 0-0 e4 12. Qxe4 Bd6 13. Re1 c6 14. Bc4 Kc7 15. d3 Qh5 16. Be3 c5 17. g3 Nxe3 18. Qxe3 Rhe8 19. Qc1 Rxe1+ 20. Qxe1 Re8 21. Qa5+ Kb8 22. Nc3 f6 23. Nb5 1-0

[Event "HUN-chT2 Asztalos 1819"]
[Site "Hungary"]
[Date "2019.02.10"]
[Round "5.7"]
[White "Balint, Richard"]
[Black "Balazs, Imre"]
[Result "1/2-1/2"]
[WhiteElo "2064"]
[BlackElo "2060"]
[PlyCount "33"]
[EventDate "2018.10.28"]
[EventType "team-tourn"]
[EventRounds "9"]
[EventCountry "HUN"]
[SourceTitle "CBM 189 Extra"]
[Source "ChessBase"]
[SourceDate "2019.06.03"]
[SourceVersion "1"]
[SourceVersionDate "2019.06.03"]
[SourceQuality "1"]
[WhiteTeam "Baja Spartacus"]
[BlackTeam "Decs 1990"]
[WhiteTeamCountry "HUN"]
[BlackTeamCountry "HUN"]

1. e4 e5 2. f4 exf4 3. Nf3 d6 4. d4 g5 5. Bc4 g4 6. 0-0 gxf3 7. Qxf3 Qf6 8. e5 dxe5 9. dxe5 Qxe5 10. Bxf7+ Kxf7 11. Bxf4 Qf5 12. Qc3 Nc6 13. Be5 Qxf1+ 14. Kxf1 Nxe5 15. Qxe5 Bg7 16. Qxc7+ Ne7 17. Nc3 1/2-1/2

[Event "HUN-chT2 Asztalos 1819"]
[Site "Hungary"]
[Date "2018.11.18"]
[Round "2.6"]
[White "Pater, Peter"]
[Black "Balazs, Imre"]
[Result "1/2-1/2"]
[WhiteElo "1755"]
[BlackElo "2060"]
[PlyCount "45"]
[EventDate "2018.10.28"]
[EventType "team-tourn"]
[EventRounds "9"]
[EventCountry "HUN"]
[SourceTitle "CBM 189 Extra"]
[Source "ChessBase"]
[SourceDate "2019.06.03"]
[SourceVersion "1"]
[SourceVersionDate "2019.06.03"]
[SourceQuality "1"]
[WhiteTeam "Komlo"]
[BlackTeam "Decs 1990"]
[WhiteTeamCountry "HUN"]
[BlackTeamCountry "HUN"]

1. d4 Nf6 2. c4 g6 3. f3 Bg7 4. e4 d6 5. Nc3 0-0 6. Bg5 c6 7. Qd2 Qa5 8. Nge2 b5 9. cxb5 cxb5 10. b4 Qb6 11. Bxf6 exf6 12. Nd5 Qb7 13. Rc1 Na6 14. Nec3 Be6 15. a4 Bxd5 16. Nxd5 Rfe8 17. Bxb5 Qxd5 18. 0-0 Qh5 19. Qc3 Bh6 20. Bxe8 Rxe8 21. Qc6 Be3+ 22. Kh1 Nc7 23. g4 1/2-1/2

[Event "HUN-chT2 Asztalos 1718"]
[Site "Hungary"]
[Date "2017.11.26"]
[Round "2.5"]
[White "Balazs, Imre"]
[Black "Garai, Tamas"]
[Result "1-0"]
[WhiteElo "2068"]
[BlackElo "1931"]
[PlyCount "95"]
[EventDate "2017.10.29"]
[EventType "team-tourn"]
[EventRounds "9"]
[EventCountry "HUN"]
[SourceTitle "EXT 2021"]
[Source "ChessBase"]
[SourceDate "2020.10.23"]
[SourceVersion "1"]
[SourceVersionDate "2020.10.23"]
[SourceQuality "1"]
[WhiteTeam "Decs 1990"]
[BlackTeam "Marcali"]
[WhiteTeamCountry "HUN"]
[BlackTeamCountry "HUN"]

1. d4 d5 2. c4 e6 3. Nc3 Nf6 4. cxd5 exd5 5. Qc2 h6 6. e3 a6 7. Bd3 Bd6 8. Nge2 0-0 9. Bd2 Re8 10. 0-0-0 c6 11. f3 Nbd7 12. e4 dxe4 13. fxe4 Bb4 14. Rhf1 Qe7 15. e5 Nd5 16. Nxd5 Bxd2+ 17. Rxd2 cxd5 18. Qb3 Nf8 19. Nf4 Be6 20. Kb1 Qd7 21. Rdf2 Re7 22. Bc2 Rd8 23. Ka1 Qc6 24. Rf3 Qc4 25. Qb6 Rc8 26. Bd3 Qc7 27. Qb3 Qc6 28. a3 b5 29. Rg3 g6 30. Nh5 Qb6 31. Nf6+ Kh8 32. Qb4 Rec7 33. Qd2 Kg7 34. Nh5+ Kh7 35. h4 Rc4 36. Nf6+ Kg7 37. Bxc4 bxc4 38. Nh5+ Kh7 39. Nf6+ Kg7 40. h5 Qb5 41. Rh1 c3 42. Rxc3 Rxc3 43. Qxc3 g5 44. Rc1 Qe2 45. Qf3 Qd2 46. Rd1 Qc2 47. Ne8+ Kg8 48. Qf6 1-0

[Event "HUN-chT2 Asztalos 1718"]
[Site "Hungary"]
[Date "2017.10.29"]
[Round "1.5"]
[White "Gyorke, Zoltan"]
[Black "Balazs, Imre"]
[Result "1/2-1/2"]
[WhiteElo "1968"]
[BlackElo "2071"]
[PlyCount "100"]
[EventDate "2017.10.29"]
[EventType "team-tourn"]
[EventRounds "9"]
[EventCountry "HUN"]
[SourceTitle "EXT 2021"]
[Source "ChessBase"]
[SourceDate "2020.10.23"]
[SourceVersion "1"]
[SourceVersionDate "2020.10.23"]
[SourceQuality "1"]
[WhiteTeam "Komlo Banyasz II"]
[BlackTeam "Decs 1990"]
[WhiteTeamCountry "HUN"]
[BlackTeamCountry "HUN"]

1. e4 e5 2. Nf3 Nc6 3. d4 exd4 4. Nxd4 Bc5 5. Be3 Qf6 6. c3 Nge7 7. Be2 Qg6 8. Bf3 Ne5 9. Nd2 Nd3+ 10. Kf1 Ne5 11. h4 b6 12. Rh3 Ba6+ 13. Be2 Bxe2+ 14. Qxe2 Ng4 15. h5 Nxe3+ 16. Qxe3 Qf6 17. e5 Qh6 18. Qxh6 gxh6 19. Ne4 0-0-0 20. Nxc5 bxc5 21. Nb3 d6 22. Re1 Nc6 23. e6 fxe6 24. Rxe6 Rdf8 25. Rg3 Rf7 26. Rge3 Rf5 27. Re8+ Rxe8 28. Rxe8+ Kb7 29. Rh8 Rxh5 30. Nd2 Ne5 31. Ke2 Rh2 32. Rxh7 Rxg2 33. Ne4 Kc6 34. Rxh6 Rg4 35. Nd2 Rg8 36. Rf6 Kd5 37. Rf4 c4 38. b3 cxb3 39. axb3 Ke6 40. Ra4 Nc6 41. Ra6 Kd7 42. b4 Rg5 43. f4 Rg2+ 44. Ke3 Rg3+ 45. Nf3 Ne7 46. c4 Rg2 47. Rxa7 Rb2 48. b5 Rb3+ 49. Ke2 Nf5 50. Nd2 Nd4+ 1/2-1/2

[Event "HUN-chT2 Asztalos 1617"]
[Site "Hungary"]
[Date "2016.10.30"]
[Round "3.3"]
[White "Horvath, Attila"]
[Black "Balazs, Imre"]
[Result "1-0"]
[WhiteElo "2147"]
[BlackElo "2098"]
[PlyCount "51"]
[EventDate "2016.09.25"]
[EventType "team-tourn"]
[EventRounds "11"]
[EventCountry "HUN"]
[SourceTitle "EXT 2021"]
[Source "ChessBase"]
[SourceDate "2020.10.23"]
[SourceVersion "1"]
[SourceVersionDate "2020.10.23"]
[SourceQuality "1"]
[WhiteTeam "Nagyatad"]
[BlackTeam "Decs 1990 II"]
[WhiteTeamCountry "HUN"]
[BlackTeamCountry "HUN"]

1. e4 e5 2. Nf3 Nc6 3. Bc4 Nf6 4. Ng5 d5 5. exd5 Nd4 6. c3 b5 7. Bf1 Nxd5 8. Ne4 Qh4 9. Ng3 Bg4 10. f3 e4 11. cxd4 Bd6 12. Bxb5+ Kd8 13. 0-0 exf3 14. Qb3 Nf4 15. Rxf3 Bxf3 16. Qxf3 Rb8 17. Nc3 Ne6 18. d3 Qxd4+ 19. Be3 Qe5 20. Qe4 a6 21. Bxa6 Qxe4 22. Ngxe4 Rxb2 23. Bc4 Kd7 24. Bb3 Ra8 25. Rf1 Be5 26. Rxf7+ 1-0

[Event "HUN-chT2 Charousek 1415"]
[Site "Hungary"]
[Date "2014.10.12"]
[Round "1"]
[White "Balazs, Imre"]
[Black "Hajas, Tamas"]
[Result "1/2-1/2"]
[WhiteElo "2114"]
[BlackElo "1930"]
[PlyCount "41"]
[EventDate "2014.10.12"]
[EventType "team-tourn"]
[EventRounds "9"]
[EventCountry "HUN"]
[SourceTitle "EXT 2016"]
[Source "ChessBase"]
[SourceDate "2015.10.08"]
[SourceVersion "1"]
[SourceVersionDate "2015.10.08"]
[SourceQuality "1"]
[WhiteTeam "Decs"]
[BlackTeam "Aquaprofit II"]
[WhiteTeamCountry "HUN"]
[BlackTeamCountry "HUN"]

1. d4 d5 2. c4 c6 3. cxd5 cxd5 4. Nc3 Nf6 5. Bf4 Nc6 6. e3 Bf5 7. Qb3 Qd7 8. Nf3 a6 9. Ne5 Nxe5 10. Bxe5 Rc8 11. f3 e6 12. Be2 Be7 13. 0-0 0-0 14. a4 Ne8 15. e4 dxe4 16. fxe4 Bg6 17. Rad1 Nd6 18. Bxd6 Qxd6 19. e5 Qb4 20. Qxb4 Bxb4 21. Bf3 1/2-1/2

[Event "HUN-chT2 Asztalos 1213"]
[Site "Hungary"]
[Date "2013.02.17"]
[Round "7.2"]
[White "Balazs, Imre"]
[Black "Babits, Andras"]
[Result "1-0"]
[WhiteElo "2073"]
[BlackElo "2124"]
[PlyCount "67"]
[EventDate "2012.09.16"]
[EventType "team-tourn"]
[EventRounds "9"]
[EventCountry "HUN"]
[SourceTitle "EXT 2014"]
[Source "ChessBase"]
[SourceDate "2013.11.20"]
[SourceVersion "1"]
[SourceVersionDate "2013.11.20"]
[SourceQuality "1"]
[WhiteTeam "Decs II"]
[BlackTeam "Marcali"]
[WhiteTeamCountry "HUN"]
[BlackTeamCountry "HUN"]

1. d4 Nf6 2. Bg5 Ne4 3. Bh4 d5 4. f3 Nd6 5. Nd2 Nc6 6. c3 Bf5 7. Qb3 Be6 8. e4 dxe4 9. d5 e3 10. Nb1 Nf5 11. dxe6 fxe6 12. Bg3 Nxg3 13. hxg3 Qd6 14. f4 0-0-0 15. Nf3 h6 16. Na3 e5 17. Nc4 Qg6 18. Rh3 exf4 19. gxf4 Qe4 20. Nce5 Nxe5 21. fxe5 g5 22. Rc1 Bg7 23. Qe6+ Kb8 24. Rg3 Rhf8 25. Rg4 Qh7 26. Be2 Bh8 27. Qc4 Qf5 28. Qe4 Qe6 29. Bc4 Qb6 30. b3 e6 31. Rc2 Rf5 32. Re2 Qa5 33. Qxe3 Qxa2 34. Rxa2 1-0

[Event "HUN-chT2 Asztalos 1213"]
[Site "Hungary"]
[Date "2013.01.27"]
[Round "6.6"]
[White "Balint, Richard"]
[Black "Balazs, Imre"]
[Result "0-1"]
[WhiteElo "2014"]
[BlackElo "2073"]
[PlyCount "50"]
[EventDate "2012.09.16"]
[EventType "team-tourn"]
[EventRounds "9"]
[EventCountry "HUN"]
[SourceTitle "EXT 2014"]
[Source "ChessBase"]
[SourceDate "2013.11.20"]
[SourceVersion "1"]
[SourceVersionDate "2013.11.20"]
[SourceQuality "1"]
[WhiteTeam "Baja"]
[BlackTeam "Decs II"]
[WhiteTeamCountry "HUN"]
[BlackTeamCountry "HUN"]

1. e4 e5 2. f4 exf4 3. Nf3 d6 4. d4 g5 5. Bc4 g4 6. 0-0 gxf3 7. Qxf3 Qf6 8. c3 Bh6 9. Na3 Ne7 10. Nb5 Na6 11. Bd2 c6 12. Na3 Nc7 13. Rae1 0-0 14. g3 d5 15. Bd3 Qg7 16. Bxf4 Bxf4 17. Qxf4 Ne6 18. Qe3 dxe4 19. Qxe4 Nd5 20. Nc4 Ng5 21. Qh4 f6 22. Nd6 Bh3 23. Rf2 Qe7 24. Bf5 Qxd6 25. Bxh3 Rae8 0-1

[Event "HUN-chT2 Asztalos 1112"]
[Site "Hungary"]
[Date "2012.05.20"]
[Round "11.5"]
[White "Balazs, Imre"]
[Black "Heinrich, Ferenc"]
[Result "1-0"]
[WhiteElo "2073"]
[BlackElo "1989"]
[PlyCount "69"]
[EventDate "2011.09.25"]
[EventType "team-tourn"]
[EventRounds "11"]
[EventCountry "HUN"]
[SourceTitle "EXT 2013"]
[Source "ChessBase"]
[SourceDate "2012.11.22"]
[SourceVersion "1"]
[SourceVersionDate "2012.11.22"]
[SourceQuality "1"]
[WhiteTeam "Decs II"]
[BlackTeam "Kaposvar Bastya"]
[WhiteTeamCountry "HUN"]
[BlackTeamCountry "HUN"]

1. e4 c6 2. Nc3 d5 3. Nf3 dxe4 4. Nxe4 Bf5 5. Ng3 Bg6 6. h4 h6 7. Ne5 Qd6 8. d4 Nd7 9. Nxg6 Qxg6 10. Bd3 Qe6+ 11. Be3 g6 12. Qe2 Ngf6 13. c4 h5 14. 0-0-0 Ng4 15. d5 Qe5 16. Kb1 Nxe3 17. Qxe3 Qxe3 18. fxe3 Nc5 19. Bc2 Bh6 20. e4 a5 21. Ne2 0-0 22. g4 hxg4 23. h5 g5 24. Rhg1 Nd7 25. Nd4 Bg7 26. Nf5 Bf6 27. Nh6+ Kg7 28. Nxg4 Ra6 29. dxc6 Ne5 30. Nxe5 Bxe5 31. Rxg5+ Kf6 32. Rf5+ Ke6 33. c5 a4 34. Bd3 b5 35. Bxb5 1-0

[Event "HUN-chT2 Asztalos 1112"]
[Site "Hungary"]
[Date "2012.03.25"]
[Round "8.2"]
[White "Balazs, Imre"]
[Black "Babits, Andras"]
[Result "0-1"]
[WhiteElo "2073"]
[BlackElo "2139"]
[PlyCount "90"]
[EventDate "2011.09.25"]
[EventType "team-tourn"]
[EventRounds "11"]
[EventCountry "HUN"]
[SourceTitle "EXT 2013"]
[Source "ChessBase"]
[SourceDate "2012.11.22"]
[SourceVersion "1"]
[SourceVersionDate "2012.11.22"]
[SourceQuality "1"]
[WhiteTeam "Decs II"]
[BlackTeam "Marcali"]
[WhiteTeamCountry "HUN"]
[BlackTeamCountry "HUN"]

1. e4 e5 2. Nf3 Nc6 3. Bb5 a6 4. Ba4 Bb4 5. c3 Ba5 6. 0-0 Nge7 7. d4 exd4 8. Nxd4 0-0 9. Bg5 f6 10. Bh4 b5 11. Bb3+ Kh8 12. Nd2 Bb7 13. Re1 Ng6 14. Bg3 Nxd4 15. cxd4 d6 16. Bc2 Qd7 17. a3 Rfe8 18. b4 Bb6 19. Nf3 Rad8 20. Nh4 Nxh4 21. Bxh4 Qf7 22. d5 Rd7 23. a4 Rde7 24. axb5 axb5 25. Bd3 Bxd5 26. Bxb5 c6 27. Bd3 Bd4 28. Rc1 c5 29. Bg3 Bb3 30. Qd2 Qe6 31. bxc5 dxc5 32. Bb5 Ra8 33. Qd3 h6 34. h3 Qf7 35. Kh2 Ra5 36. f3 Rea7 37. Bc6 Be6 38. f4 Ra3 39. Qb5 Rb3 40. Qf1 Qc7 41. Bd5 Bxd5 42. exd5 Raa3 43. Re8+ Kh7 44. Qe2 Qd7 45. Bh4 Rxh3+ 0-1

[Event "HUN-chT2 Charousek 1011"]
[Site "Hungary"]
[Date "2010.11.07"]
[Round "5"]
[White "Samu, Ferenc"]
[Black "Balazs, Imre"]
[Result "1-0"]
[WhiteElo "2147"]
[BlackElo "2097"]
[PlyCount "55"]
[EventDate "2010.09.12"]
[EventType "team-tourn"]
[EventRounds "11"]
[EventCountry "HUN"]
[SourceTitle "EXT 2012"]
[Source "ChessBase"]
[SourceDate "2011.11.24"]
[SourceVersion "1"]
[SourceVersionDate "2011.11.24"]
[SourceQuality "1"]
[WhiteTeam "Tapolca"]
[BlackTeam "Decs II"]
[WhiteTeamCountry "HUN"]
[BlackTeamCountry "HUN"]

1. e4 e5 2. Nf3 Nc6 3. d4 exd4 4. Nxd4 Bc5 5. Nxc6 Qf6 6. Qf3 Qxf3 7. gxf3 dxc6 8. Bc4 Ne7 9. Rg1 Bd4 10. c3 Bf6 11. Bf4 Ng6 12. Bxc7 Be6 13. Nd2 Rc8 14. Bg3 h5 15. Bxe6 fxe6 16. Nc4 Be7 17. h3 Kf7 18. Rd1 Rcd8 19. Ke2 b6 20. Bc7 Rc8 21. Bd6 Rcd8 22. Rxg6 Bxd6 23. Rdg1 Rhg8 24. e5 Bc7 25. f4 Rd7 26. Nd2 Bd8 27. Ne4 Be7 28. f5 1-0

[Event "HUN-chT2 Charousek 1011"]
[Site "Hungary"]
[Date "2010.09.26"]
[Round "2"]
[White "Balazs, Imre"]
[Black "Nagy, Aron"]
[Result "1/2-1/2"]
[WhiteElo "2097"]
[BlackElo "1967"]
[PlyCount "64"]
[EventDate "2010.09.12"]
[EventType "team-tourn"]
[EventRounds "11"]
[EventCountry "HUN"]
[SourceTitle "EXT 2012"]
[Source "ChessBase"]
[SourceDate "2011.11.24"]
[SourceVersion "1"]
[SourceVersionDate "2011.11.24"]
[SourceQuality "1"]
[WhiteTeam "Decs II"]
[BlackTeam "Husi"]
[WhiteTeamCountry "HUN"]
[BlackTeamCountry "HUN"]

1. d4 c5 2. c3 Nf6 3. Nf3 Qc7 4. g3 g6 5. Bg2 Bg7 6. 0-0 0-0 7. d5 e6 8. c4 exd5 9. cxd5 d6 10. Nc3 a6 11. a4 Ng4 12. h3 Ne5 13. Nxe5 Bxe5 14. Bd2 Nd7 15. a5 b5 16. axb6 Nxb6 17. Qc2 Bd7 18. Ra2 Bb5 19. Rfa1 Qb7 20. e4 Nc4 21. Bc1 Rfb8 22. Bf1 Bxc3 23. Qxc3 Ne5 24. Bxb5 Qxb5 25. f4 Nd3 26. Bd2 Nb4 27. Ra5 Qe2 28. Re1 Qd3 29. Re3 Qb1+ 30. Re1 Qd3 31. Re3 Qb1+ 32. Re1 Qd3 1/2-1/2

[Event "Paks op-A"]
[Site "Paks"]
[Date "2009.10.04"]
[Round "7"]
[White "Balazs, Imre"]
[Black "Nagy, Lajos"]
[Result "1/2-1/2"]
[WhiteElo "2079"]
[BlackElo "1923"]
[PlyCount "89"]
[EventDate "2009.09.30"]
[EventType "swiss"]
[EventRounds "7"]
[EventCountry "HUN"]
[SourceTitle "EXT 2011"]
[Source "ChessBase"]
[SourceDate "2010.11.26"]
[SourceVersion "1"]
[SourceVersionDate "2010.11.26"]
[SourceQuality "1"]

1. e4 e5 2. Bc4 Nf6 3. Nc3 Nxe4 4. Qh5 Nd6 5. Qxe5+ Qe7 6. Qxe7+ Bxe7 7. Bb3 c6 8. Nf3 Nf5 9. 0-0 d5 10. d3 0-0 11. Bf4 Nd7 12. a3 Nc5 13. Ba2 Ne6 14. Bd2 Nfd4 15. Nxd4 Nxd4 16. Rac1 Bf6 17. Rfe1 Bf5 18. Nd1 Rfe8 19. Ne3 Bg6 20. Kf1 Ne6 21. b4 h5 22. g3 b5 23. Kg2 a5 24. bxa5 Bb2 25. Rb1 Bxa3 26. f4 Nd4 27. Bc3 Bc5 28. Bd2 Reb8 29. Bb4 Bxb4 30. Rxb4 Nf5 31. Nxf5 Bxf5 32. Rb2 Rxa5 33. Re5 g6 34. c4 f6 35. Re7 Bxd3 36. cxd5 Rxa2 37. Rxa2 Bc4 38. Raa7 Bxd5+ 39. Kf2 b4 40. Rab7 Rxb7 41. Rxb7 b3 42. Ke3 c5 43. Rb5 Bc4 44. Rxc5 Bf7 45. Rb5 1/2-1/2

[Event "Paks op-A"]
[Site "Paks"]
[Date "2009.10.02"]
[Round "5"]
[White "Balazs, Imre"]
[Black "Valyi, Adel"]
[Result "1/2-1/2"]
[WhiteElo "2079"]
[BlackElo "1638"]
[PlyCount "57"]
[EventDate "2009.09.30"]
[EventType "swiss"]
[EventRounds "7"]
[EventCountry "HUN"]
[SourceTitle "EXT 2011"]
[Source "ChessBase"]
[SourceDate "2010.11.26"]
[SourceVersion "1"]
[SourceVersionDate "2010.11.26"]
[SourceQuality "1"]

1. d4 Nf6 2. c4 c5 3. e3 g6 4. Nf3 Bg7 5. Be2 0-0 6. 0-0 b6 7. Nc3 d6 8. b3 Bb7 9. Bb2 Nbd7 10. d5 Re8 11. h3 Nf8 12. Qd2 Qd7 13. Rad1 Rad8 14. Qc2 Qc8 15. Kh2 Qb8 16. g3 e6 17. e4 exd5 18. exd5 Bc8 19. Rfe1 Qb7 20. Bf1 Qd7 21. Bg2 Rxe1 22. Rxe1 Re8 23. Qd2 Rxe1 24. Qxe1 h6 25. Qe3 g5 26. g4 Qd8 27. Kg1 Ng6 28. Nd1 Nf4 29. Ne1 1/2-1/2